Multiply Your Business Value Through Brand and AI.

This book presents the case for building brands effectively and optimally using AI, thereby enhancing the overall value of the organization. This book is ideal for entrepreneurs, investors, CEOs, and brand managers as it provides them with pathways of using AI to build brands and create value. It ca...

Full description

Bibliographic Details
Main Author: Narayan, Rajan.
Format: eBook
Language:English
Published: New York : Business Expert Press, 2021.
Edition:1st ed.
Series:Studien Zum Physik- und Chemielernen Series
Subjects:
Online Access:Click to View
LEADER 02932nam a22004573i 4500
001 EBC6679897
003 MiAaPQ
005 20231204023217.0
006 m o d |
007 cr cnu||||||||
008 231204s2021 xx o ||||0 eng d
020 |a 9781637421086  |q (electronic bk.) 
020 |z 9781637421079 
035 |a (MiAaPQ)EBC6679897 
035 |a (Au-PeEL)EBL6679897 
035 |a (OCoLC)1261367237 
040 |a MiAaPQ  |b eng  |e rda  |e pn  |c MiAaPQ  |d MiAaPQ 
050 4 |a HF5415.1255 
082 0 |a 658.827 
100 1 |a Narayan, Rajan. 
245 1 0 |a Multiply Your Business Value Through Brand and AI. 
250 |a 1st ed. 
264 1 |a New York :  |b Business Expert Press,  |c 2021. 
264 4 |c Ã2021. 
300 |a 1 online resource (202 pages) 
336 |a text  |b txt  |2 rdacontent 
337 |a computer  |b c  |2 rdamedia 
338 |a online resource  |b cr  |2 rdacarrier 
490 1 |a Studien Zum Physik- und Chemielernen Series 
505 0 |a Cover -- Halftitle -- Title -- Copyright -- Dedication -- Description -- Contents -- Preface -- Acknowledgments -- Chapter 1: Current Situation -- Chapter 2: Brand, a Guarantee of Value -- Chapter 3: An Introduction to AI -- Chapter 4: The Caveats of Using AI -- Chapter 5: Using AI to Identify and Get Insights About Customers -- Chapter 6: AI and Brand Development -- Chapter 7: AI and Creativity -- Chapter 8: AI in Customer Engagement -- Chapter 9: Improving the Customer's Brand Experience Using AI -- Chapter 10: The Balance Sheet -- Chapter 11: The Future Landscape -- Chapter 12: Starting the Process -- Bibliography -- About the Author -- Index -- Adpage -- Backcover. 
520 |a This book presents the case for building brands effectively and optimally using AI, thereby enhancing the overall value of the organization. This book is ideal for entrepreneurs, investors, CEOs, and brand managers as it provides them with pathways of using AI to build brands and create value. It can be used as a textbook in courses on brand management and as a supplemental text in marketing management courses. It is especially relevant today, where many enterprises are being founded by non-marketing professionals. 
588 |a Description based on publisher supplied metadata and other sources. 
590 |a Electronic reproduction. Ann Arbor, Michigan : ProQuest Ebook Central, 2023. Available via World Wide Web. Access may be limited to ProQuest Ebook Central affiliated libraries.  
650 0 |a Marketing. 
650 0 |a Branding (Marketing). 
650 0 |a Artificial intelligence. 
655 4 |a Electronic books. 
776 0 8 |i Print version:  |a Narayan, Rajan  |t Multiply Your Business Value Through Brand and AI  |d New York : Business Expert Press,c2021  |z 9781637421079 
797 2 |a ProQuest (Firm) 
830 0 |a Studien Zum Physik- und Chemielernen Series 
856 4 0 |u https://ebookcentral.proquest.com/lib/matrademy/detail.action?docID=6679897  |z Click to View